Pays ayant remporté la Coupe du Monde masculine de Football - Statistiques

Statistiques générales
  • Ce quiz a été pris 166 fois
  • Le résultat moyen est 7 sur 8
Answers on the Grid
Answers color-coded by a green-red scale on the quiz's grid according to % correct below.
Russie
France
Portugal
Brésil
Espagne
Arménie
Grèce
Suède
Etats-Unis
Canada
Chine
Chili
Uruguay
Angleterre
Allemagne
Argentine
Italie
Inde
Costa Rica
Indonésie
Phillipines
 
Statistiques - réponses
Réponse % Correct
France
94%
Espagne
93%
Allemagne
90%
Brésil
90%
Argentine
89%
Angleterre
88%
Italie
88%
Uruguay
85%
Aucun quiz correspondant
Distribution des résultats
% des personnes avec chaque résultat
Percentile par nombre de réponses
Votre historique - résultats
Vous n’avez pas pris ce quiz